|
|
|
|
| LEADER |
01505nam a22003254a 4500 |
| 001 |
4871 |
| 003 |
BD-DhAAL |
| 005 |
20250119104244.0 |
| 008 |
150523s2000 nyua b 000 0 eng |
| 010 |
|
|
|a 00026952
|
| 020 |
|
|
|a 0195216016
|
| 040 |
|
|
|a DLC
|c DLC
|d DLC
|d BD-DhAAL
|
| 050 |
0 |
0 |
|a HC79.P6
|b C345 2000
|
| 082 |
0 |
0 |
|a 362.5
|2 21
|
| 245 |
0 |
0 |
|a Can anyone hear us? /
|c Deepa Narayan ... [et al.].
|
| 260 |
|
|
|a New York :
|b Published by Oxford University Press for the World Bank,
|c c2000.
|
| 300 |
|
|
|a xi, 343 pages :
|b illustrations ;
|c 24 cm.
|
| 490 |
|
|
|a Voices of the poor
|
| 504 |
|
|
|a Includes bibliographical references (pages 334-341).
|
| 526 |
|
|
|x Shahana Siddiqui
Research Associate
BDI
Course name and no. N/A
|
| 541 |
|
|
|e 4871, 18947
|a Micro industries development assistance and services
|
| 650 |
|
0 |
|a Poverty.
|9 11273
|
| 650 |
|
0 |
|a Poor.
|9 11274
|
| 700 |
1 |
|
|a Narayan-Parker, Deepa.
|9 11275
|
| 830 |
|
|
|a Voices of the poor
|9 54796
|
| 852 |
|
|
|a Ayesha Abed Library
|c General Stacks
|
| 942 |
|
|
|2 ddc
|c BK
|
| 999 |
|
|
|c 34477
|d 34477
|
| 952 |
|
|
|0 0
|1 0
|2 ddc
|4 0
|6 362_500000000000000_CAN
|7 0
|9 53816
|a SCL
|b SCL
|c GEN
|d 2015-05-23
|l 0
|o 362.5 CAN
|p 3020004871
|r 2015-05-23
|t 1
|w 2015-05-23
|y BK
|
| 952 |
|
|
|0 0
|1 0
|2 ddc
|4 0
|6 362_500000000000000_CAN
|7 0
|9 73837
|a BIGD
|b BIGD
|c GEN
|d 2023-06-19
|e Micro industries development assistance and services
|l 0
|o 362.5 CAN
|p 3050018947
|r 2023-06-19
|t 1
|w 2023-06-19
|y BK
|x Transferred from BDI to BIGD. Requisitioned by Shahana Siddiqui, Research Associate BDI. Course name and no.N/A
|